LDR 00830naa#a2200157#i#450# 001 RU\\bibl\19484 005 20260516072440.6 100 ## _a20260515b2026####ek#y0rusy0150####ca 102 ## _aRU 200 1# _aСОХРАНЕНИЕ БИОРАЗНООБРАЗИЯ ИСКУССТВЕННЫХ ЛЕСНЫХ НАСАЖДЕНИЙ В ПРЕДГОРЬЯХ ВОСТОЧНОГО СЕВЕРНОГО КАВКАЗА _eСтатья/тезисы конференции 210 1# _aВоронеж _cВоронежский государственный лесотехнический университет имени Г.Ф. Морозова _d2026 215 ## _a5 с. 608 ## _aСтатья/тезисы конференции _2local 675 ## _aЛесное хозяйство. Лесоводство. 630 _z 700 #1 _aШтепа _gЕ. Н. 856 4# _abibl.vgltu.ru _u